Finish the Lyrics - 80's Songs - Statistics

General Stats
  • This quiz has been taken 559 times
  • The average score is 7 of 20
Answer Stats
Hint Answer % Correct
NEVER GONNA GIVE YOU UP by Rick Astley:Never gonna give you up Never gonna let you down Never gonna run around and ______ ___ desert you
85%
I WANNA DANCE WITH SOMEBODY (WHO LOVES ME) by Whitney HoustonI need a man who'll take the chance On a love that burns hot enough to last So when the night falls My ______ heart calls lonely
68%
EYE OF THE TIGER by Survivor:Risin' up, straight to the top
Had the guts, got the _____ Went the distance, now I'm not gonna stop Just a man and his will to survive
glory
52%
WE ARE THE WORLD by USA for Africa:We are the world
We are the children We are the ones who make a brighter day, so let's start ______
giving
45%
BILLIE JEAN by Michael Jackson:For _____ days and _____ nights The law was on her side But who can stand when she's in demand Her schemes and plans forty
43%
LIVIN’ ON A PRAYER by Bon Jovi:Tommy's got his ___ ______ in hock, now he's holding in
When he used to make it talk so tough, ooh, it's tough
six string
36%
WHEN DOVES CRY by Prince:How can you just leave me standing Alone in a world that's so cold? (So cold) Maybe I'm just too _________ Maybe I'm just like my father, too bold demanding
35%
SWEET CHILD O’ MINE by Guns N’ Roses:She's got a smile that it seems to me Reminds me of childhood memories Where everything was as _____ as the bright blue sky fresh
35%
FLASHDANCE… WHAT A FEELING by Irene Cara: What a feeling Being's believin' I can have it all, now I'm ________ for my life dancing
34%
JESSIE’S GIRL by Rick Springfield:You know, I feel so dirty when they start talking cute I wanna tell her that I love her, but the point is probably ____ moot
34%
MY PREROGATIVE by Bobby Brown:Everybody's talking all this stuff about me (now now)
Why don't they just let me live? I don't need permission, make my own decisions That's, that's my ___________
prerogative
32%
CALL ME by Blondie: Cover me with kisses, baby Cover me with love Roll me in ________ sheets I'll never get enough designer
29%
KEEP ON LOVING YOU by REO Speedwagon:And I'm gonna keep on lovin' you
'Cause it's the only thing I want to do I don't want to _____, I just want to keep on lovin' you
sleep
29%
THAT’S WHAT FRIENDS ARE FOR by Dionne Warwick featuring Gladys Knight, Elton John and Stevie Wonder: For good times and for bad times I'll be on your side _______ ____ That's what friends are for forever more
24%
JACK & DIANE by John Cougar:Suckin' on a _____ ___ outside the Tastee Freez Diane's sittin' on Jackie's lap, he's got his hands between her knees chili dog
18%
CRAZY FOR YOU by Madonna:I never wanted anyone like this
It's all _____ ___ You'll feel it in my kiss I'm crazy for you
brand new
17%
TIME AFTER TIME by Cyndi Lauper:Sometimes you _______ me I'm walking too far ahead You're calling to me, I can't hear What you've said picture
17%
WIND BENEATH MY WINGS by Bette Midler:So I was the one with all the glory
While you were the one with all the strength A _________ face without a name for so long A _________ smile to hide the pain
beautiful
11%
SAY YOU, SAY ME by Lionel Richie:I had a dream, I had an awesome dream
People in the park playing games in the dark And what they played was a masquerade And from behind the walls of _____ A voice was crying out
doubt
9%
ALL OUT OF LOVE by Air Supply:I know you're hurt too, but what else can we do? _________ and torn apart I wish I could carry your smile in my heart For times when my life seems so low Tormented
5%
No matching quizzes found
Score Distribution
Percent of People with Each Score
Percentile by Number Answered
Your Score History
You have not taken this quiz